000 00280nam a2200121Ia 4500
008 231129s1996||||xx |||||||||||||| ||spa||
040 _bspa
082 _aCo861 L697
245 0 _aLibro de los nocturnos
260 _c1996
264 _aInstituto Caro y Cuervo
942 _2ddc
_cBKS
999 _c19234
_d19234